• 首页
  • 本馆介绍
  • 公告通知
  • 最新文献
  • 馆藏检索
  • 电子资源
  • 读者导购
  • 参考咨询
  • 我的图书馆
  • 登录
  • 详细信息显示
  • 放入我的书架
  • 预约/预借图书
  • 作者相关作品
  • 分类相关作品
  • 丛书相关作品
  • 出版社相关作品

书目信息

  • 表格格式
  • 工作单格式
  • 卡片格式
题名:
女性主义有什么用?
    
 
作者: 吉 , 罗斯 著 ;吴庆宏 译
分册:  
出版信息: 南京   译林出版社  2021
页数: 251页
开本: 21cm
丛书名:
单 册:
中图分类: C913.68-49 , C913.68
科图分类:
主题词: 妇女学--通俗读物
电子资源:
ISBN: 978-7-5447-8765-9
000 01282nam0 2200301 450
001 2260847190
005 20220920165425.57
010    @a978-7-5447-8765-9@dCNY48.00
100    @a20211008d2021 em y0chiy50 ea
101 1  @achi@ceng
102    @aCN@b320100
105    @aa z 000yy
200 1  @a女性主义有什么用?@9nv xing zhu yi you shen me yong?@dWhat would de beauvoir do?@f(英)塔比·杰克逊·吉(Tabi Jackson Gee),(英)弗雷亚·罗斯(Freya Rose)著@g吴庆宏译@zeng
210    @a南京@c译林出版社@d2021
215    @a251页@c图@d21cm
300    @a日常人文课
314    @a塔比?杰克逊?吉 (Tabi Jackson Gee),英国作家、记者,常年为《卫报》《观察家》《每日邮报》等报刊供稿。
314    @a弗雷亚?罗斯 (Freya Rose),英国女性主义作家、哲学工作者。
330    @a本书收录120位重要女性主义者的理论和观点,他们都经受过性别歧视的伤害,能够非常精准且富有同理心地理解你的处境。他们还从自身经历中升华出理论的武器,帮你武装到牙齿,挑战这个由父权掌控的世界。
510 1  @aWhat would de beauvoir do?@zeng
606 0  @a妇女学@j通俗读物
690    @aC913.68-49@v5
690    @aC913.68@v4
701  0 @c(英)@a吉@9ji@c(Gee, Tabi Jackson)@4著
701  0 @c(英)@a罗斯@9luo si@c(Rose, Freya)@4著
702  0 @a吴庆宏@9wu qing hong@4译
801  0 @aCN@b91MARC@c20211104
905    @aZUCC@dC913.68@e13
    
    女性主义有什么用?=What would de beauvoir do?/(英)塔比·杰克逊·吉(Tabi Jackson Gee),(英)弗雷亚·罗斯(Freya Rose)著/吴庆宏译.-南京:译林出版社,2021
    251页:图;21cm
    日常人文课
    
    ISBN 978-7-5447-8765-9:CNY48.00
    本书收录120位重要女性主义者的理论和观点,他们都经受过性别歧视的伤害,能够非常精准且富有同理心地理解你的处境。他们还从自身经历中升华出理论的武器,帮你武装到牙齿,挑战这个由父权掌控的世界。
●
相关链接 在五车中查询图书 在当当中查询图书 在豆瓣中查询图书


正题名:女性主义有什么用?     索取号:C913.68/13         预约/预借

序号 登录号 条形码 馆藏地/架位号 状态 备注
1 2000899251   2000899251   第三书库/ [索取号:C913.68/13] 在馆    
2 2000899252   2000899252   第三书库/ [索取号:C913.68/13] 在馆    
3 2000899253   2000899253   第三书库/ [索取号:C913.68/13] 在馆    
山东省滨州职业学院图书馆 欢迎您!
大连网信软件有限公司© 版权所有